00918nam a2200241Ia 4500001000900000003000500009005001700014008004100031010001100072020001800083040000900101082002100110100001800131245011600149260010400265300001100369500007700380650003600457650003100493651010300524700002600627700002300653dia_1742CHAP20230619130105.0220117s1986 xx 000 0 und d a172279 a968-884-007-6 cCHAP a630.972 K34 1986 aKaerger, Karl aAgricultura y colonización en México en 1900 /c Karl Kaerger ; traducción Pedro Lewin y Gudrun Dohrmann aMéxico :b UACh, Centro de Investigaciones y Estudios Superiores en Antropología Social,c1986 a349 p. aTítulo original: Landwirtschaft und kolonisation im spanischen amerika aAgriculturaxAmérica Latina  aAgriculturexLatin America a3. América Latina - Emigración e inmigración \ 4. Latin America - Emigration and immigration aDohrmann, Gudrun, tr. aLewin, Pedro, tr.